| 000 | 01319nam a22003015a 4500 | ||
|---|---|---|---|
| 003 | OSt | ||
| 005 | 20161221104536.0 | ||
| 008 | 161221s2015 ua frb 000 0 ara d | ||
| 015 | _a2015/9299 | ||
| 020 | _a9789770478219 | ||
| 040 |
_aEG-ScBUE _bara _cEG-ScBUE |
||
| 043 |
_af-ua--- _ae-fr--- |
||
| 082 | 0 | 4 |
_a342.085 _bن د ا _222 |
| 100 | 1 | _aندا، وليد محمود محمد. | |
| 245 | 1 | 0 |
_aدور المحكمة الدستورية العليا في حماية الحريات السياسية : _bدراسة مقارنة / _cوليد محمود محمد ندا. |
| 250 | _aط. 1. | ||
| 260 |
_aالقاهرة : _bدار النهضة العربية، _c2015. |
||
| 300 |
_a508 ص. ؛ _c24 سم. |
||
| 504 | _aيشتمل على إرجاعات ببليوجرافية. | ||
| 610 | 1 | 7 |
_aمصر. _dالمحكمة الدستورية العليا. _2BUEsh _941178 |
| 650 | 7 |
_aالحرية السياسية _xقوانين وتشريعات _zمصر. _2BUEsh |
|
| 650 | 7 |
_aالحرية السياسية _xقوانين وتشريعات _zفرنسا. _2BUEsh |
|
| 650 | 7 |
_aالحقوق السياسية _xقوانين وتشريعات _zمصر. _2BUEsh |
|
| 650 | 7 |
_aالحقوق السياسية _xقوانين وتشريعات _zفرنسا. _2BUEsh |
|
| 651 | _2BUEsh | ||
| 653 |
_bLLAAWW _cDecember2016 |
||
| 942 | _2ddc | ||
| 999 |
_c23660 _d23632 |
||